000 00482nam a2200169Ia 4500
008 100122s9999 xx 000 0 und d
082 _b77246
_a823
100 _aगार्डनर अर्ल स्टन्ले
245 _aमखमली रहस्य
250 _a1
260 _c2009
300 _a208
630 _aमखमली रहस्य
700 _aआफळे ज्योती
730 _aमखमली रहस्य
942 _cBOOK
999 _c394248
_d394245